| 000 -CABECERA |
| fixed length control field |
00781nam a22002057a 4500 |
| 003 - IDENTIFICADOR DEL NÚMERO DE CONTROL |
| control field |
AR-CdUCM |
| 008 - DATOS DE LONGITUD FIJA--INFORMACIÓN GENERAL |
| fixed length control field |
190304b ||||| |||| 00| 0 spa d |
| 040 ## - FUENTE DE LA CATALOGACIÓN |
| Agencia/entidad que catalogó originalmente la obra |
MUNICIPALIDAD PROVINCIAL DEL CUSCO |
| Entidad que transcribió la catalogación |
BIBLIOTECA MUNICIPAL DEL CUSCO |
| 082 ## - NÚMERO DE LA CLASIFICACIÓN DECIMAL DEWEY |
| No. de Clasificación |
371.1 / |
| Notacion interna |
A48 |
| 100 ## - ENTRADA PRINCIPAL--NOMBRE DE PERSONA |
| Nombre Personal |
Amayo Arrué, Napoleón |
| 245 ## - MENCIÓN DE TÍTULO |
| Título |
El manual del maestro / |
| 260 ## - PUBLICACIÓN, DISTRIBUCIÓN, ETC. |
| Nombre de la editorial, distribuidor, etc. |
Gráfica labor, |
| Lugar de publicación, distribución, etc. |
Lima : |
| Fecha de publicación, distribución, etc. |
1968. |
| 300 ## - DESCRIPCIÓN FÍSICA |
| Nº de Páginas Extensión |
854 páginas ; |
| Otros detalles físicos |
Dibujos, |
| Dimensiones |
24 cm. |
| 505 ## - NOTA DE CONTENIDO CON FORMATO |
| Nota de contenido formateada |
Contenido: La clasificación de las escuelas -- Grados de las escuelas -- Organización de una escuela -- Actividades escolares -- Documentación escolar ... |
| 650 ## - PUNTO DE ACCESO ADICIONAL DE MATERIA--TÉRMINO DE MATERIA |
| Descriptor |
Clasificación de escuelas |
| 9 (RLIN) |
40218 |
| 650 ## - PUNTO DE ACCESO ADICIONAL DE MATERIA--TÉRMINO DE MATERIA |
| Descriptor |
Bases pedagógicas |
| 9 (RLIN) |
40219 |
| 650 ## - PUNTO DE ACCESO ADICIONAL DE MATERIA--TÉRMINO DE MATERIA |
| Descriptor |
Escuelas particulares |
| 9 (RLIN) |
9012 |
| 942 ## - ELEMENTOS DE PUNTO DE ACCESO ADICIONAL (KOHA) |
| Fuente de clasificación |
|
| Tipo de item |
Libros-BMC |
| 945 ## - PROCESAMIENTO DE INFORMACIÓN LOCAL (OCLC) |
| Catalogador |
rcc |